| 000 | 00451 a2200169 4500 | ||
|---|---|---|---|
| 003 | Nust | ||
| 005 | 20170207171611.0 | ||
| 040 | _cNust | ||
| 082 | _a005.1 | ||
| 100 | _aBilal, Muhammad. BESE-17 | ||
| 245 |
_asurvellance Application (SAPP). BESE-17 _cMuhammad Bilal, Javed Akhtar, Safeer Iqbal. |
||
| 260 |
_aRawalpindi _bMCS _cJune 2015 |
||
| 300 | _axii,79p. | ||
| 538 | _aAlmirah No 72 Shelf No 6 | ||
| 650 | _a UG Projects | ||
| 651 | _aUG CS Projects | ||
| 942 | _cTHS | ||
| 999 |
_c217709 _d217709 |
||